A very special Kwanzaa : (Record no. 7500)

MARC details
000 -LEADER
fixed length control field 01119nam a22002897a 4500
001 - CONTROL NUMBER
control field 7500
003 - CONTROL NUMBER IDENTIFIER
control field FISKH
005 - DATE AND TIME OF LATEST TRANSACTION
control field 20250725133813.0
008 - FIXED-LENGTH DATA ELEMENTS--GENERAL INFORMATION
fixed length control field 250722b cb ||||| |||| 00| 0 eng d
020 ## - INTERNATIONAL STANDARD BOOK NUMBER
International Standard Book Number 9780590848626
040 ## - CATALOGING SOURCE
Original cataloging agency FISKH
Language of cataloging eng
Transcribing agency FISKH
Modifying agency FISKH
050 ## - LIBRARY OF CONGRESS CALL NUMBER
Classification number PZ7.C44624 V
082 ## - DEWEY DECIMAL CLASSIFICATION NUMBER
Classification number 394.268
100 ## - MAIN ENTRY--PERSONAL NAME
Personal name Chocolate, Debbi
Dates associated with a name (1954-)
245 ## - TITLE STATEMENT
Title A very special Kwanzaa :
Remainder of title For a very special family /
Statement of responsibility, etc. Debbi Chocolate
250 ## - EDITION STATEMENT
Edition statement This edition first published in 1996
260 ## - PUBLICATION, DISTRIBUTION, ETC.
Place of publication, distribution, etc. New York :
Name of publisher, distributor, etc. Scholastic,
Date of publication, distribution, etc. 1996
300 ## - PHYSICAL DESCRIPTION
Extent 98 pages :
Other physical details illustrations ;
Dimensions 20 cm
505 ## - FORMATTED CONTENTS NOTE
Formatted contents note T<br/>
520 ## - SUMMARY, ETC.
Summary, etc. Charlie's school is holding a Kwanzaa festival, and he doesn't want to be any part of it because last year he was made fun of when he participated. But Charlie soon learns that Kwanzaa is a celebration of creativity and caring, of family and friends, that Kwanzaa can be a pretty special time-- for everyone.<br/>
521 8# - TARGET AUDIENCE NOTE
Target audience note 790<br/>
Source Lexile<br/>
521 8# - TARGET AUDIENCE NOTE
Target audience note T<br/>
Source Raz-Plus<br/>
650 ## - SUBJECT ADDED ENTRY--TOPICAL TERM
Source of heading or term Holiday
Topical term or geographic name entry element Kwanzaa
650 ## - SUBJECT ADDED ENTRY--TOPICAL TERM
Source of heading or term Appricriation
Topical term or geographic name entry element Youth Juvenile (Bk)
942 ## - ADDED ENTRY ELEMENTS (KOHA)
Source of classification or shelving scheme Dewey Decimal Classification
Koha item type Books
Suppress in OPAC No
Holdings
Withdrawn status Lost status Source of classification or shelving scheme Damaged status Not for loan Collection Home library Current library Shelving location Date acquired Total Checkouts Full call number Barcode Date last seen Copy number Price effective from Koha item type
    Dewey Decimal Classification     Fiction Footprints International School Library Network Toul Tom Poung Campus Footprints International School Library Network Toul Tom Poung Campus TTP Secondary Fiction Bookshelves 07/22/2025   CHO 394.268 PZ7.C44624 V 2025-2625 07/22/2025 1 07/22/2025 Books